| 000 | 00410nam a2200181Ia 4500 | ||
|---|---|---|---|
| 003 | 0STCL | ||
| 008 | 150530s9999 xx 000 0 und d | ||
| 040 |
_aSTCL _cSTCL |
||
| 100 | _aMahamood Mattool | ||
| 245 | _aThadavarayile Thottangal | ||
| 250 | _a1 | ||
| 260 |
_bYuvasakthi; Perumbavoor _c1982 |
||
| 300 | _a0 | ||
| 546 | _aMalayalam | ||
| 942 |
_2ddc _cBK |
||
| 999 |
_c77818 _d77818 |
||
| 005 | 20220125171652.0 | ||